Právne aspekty rusko-ukrajinských vzťahov a ich ekonomický dopad bakalárska práca

Gespeichert in:
Bibliographische Detailangaben
1. Verfasser: Majerská, Kristína
Körperschaft: Národohospodárska fakulta EU. Katedra ekonómie
Weitere Verfasser: Kálovec, Marek
Format: Buch
Sprache:Slowakisch
Veröffentlicht: Bratislava 2020
Tags: Tag hinzufügen
Keine Tags, Fügen Sie das erste Tag hinzu!

MARC

LEADER 00000nbm a2200000 4500
001 0264409
005 20200922084642.8
041 0 |a slo 
044 |a SK 
245 1 0 |a Právne aspekty rusko-ukrajinských vzťahov a ich ekonomický dopad  |b bakalárska práca  |c Kristína Majerská ; školiteľ: Marek Kálovec 
264 1 |a Bratislava  |c 2020 
300 |a 57 s. 
100 1 |a Majerská, Kristína 
700 1 |a Kálovec, Marek 
710 2 |a Národohospodárska fakulta EU. Katedra ekonómie